A kényszerített Raman-szórás vizsgálata benzol-ciklohexán elegyeken

Elmentve itt :
Bibliográfiai részletek
Szerző: Asztalos Tibor
További közreműködők: Pintér Ferenc (Témavezető)
Dokumentumtípus: Disszertáció
Megjelent: 1980
Kulcsszavak:Fizika
Tárgyszavak:
Online Access:http://doktori.ek.szte.hu/7319
LEADER 00695nta a2200205 i 4500
001 dokt7319
005 20220720143317.0
008 220720s1980 hu om 0|| hun d
040 |a SZTE Doktori Repozitórium  |b hun 
041 |a hun 
100 1 |a Asztalos Tibor 
245 1 2 |a A kényszerített Raman-szórás vizsgálata benzol-ciklohexán elegyeken  |h [elektronikus dokumentum] /  |c  Asztalos Tibor 
260 |c 1980 
502 |a Disszertacio 
650 4 |a fizikai tudományok 
650 4 |a Természettudományok 
650 4 |a Fizikai tudományok 
695 |a Fizika 
700 1 |a Pintér Ferenc  |e ths 
856 4 0 |u https://doktori.bibl.u-szeged.hu/id/eprint/7319/1/1980_asztalos_tibor.pdf  |z Dokumentum-elérés